История на французката литература (Запис номер 341838)
[ съкратено ]
| 000 -Лидер | |
|---|---|
| Контролно поле с фиксирана дължина | 01006nam a2200289 c 4500 |
| 003 - Код на организацията, давaща контролен номер | |
| Контролно поле | BLK |
| 005 - Дата и час на последна редакция | |
| Контролно поле | 20210813162155.0 |
| 008 - Елементи от данни с фиксирана дължина | |
| fixed length control field | 180911b bul|||||r ||||||| ||bul|| |
| 010 ## - Наследен системен номер | |
| LC control number | 001468 |
| 040 ## - Източник на каталожния запис | |
| Идентификатор на билиотеката - собственик на записа | BLK |
| 041 ## - Код за език | |
| Код за езика на текст/звукозапис или на отделно заглавие | Български |
| Код за езика КДБФ | Български |
| 080 ## - УДК | |
| УДК - код + определител | 821.133.1(091) |
| Текстов определител УДК | Френска литература |
| УДК код - определител по УДК | 821.133.1 |
| УДК определител | (091) |
| 100 ## - Редна дума - Автор | |
| Автор | Лансон, Гюстав |
| Авторска отговорност | първи автор |
| R(LIN) | 462423 |
| 139 ## - Редно поле | |
| Редна дума | Лансон, Гюстав |
| 245 00 - Сведения за заглавието | |
| Заглавие | История на французката литература |
| Подзаглавни данни | Съвр. епоха |
| Редно поле (дума) | Гюстав Лансон ; прев. от ориг. Георги Д. Юруков ; под ред. на Мих. Арнаудов |
| 260 ## - Област на издателските данни | |
| Място на издаване, разпространение и проч. | София |
| Име на издателя, разпространителя и проч. | Г. Д. Юруков |
| Година на издаване | 1920 |
| Печатница | С. М. Стайков |
| 300 ## - Физическа характеристика | |
| Страници | 247 с. |
| Размери/Мащаб | 23 см |
| 380 ## - Жанр | |
| Жанр | Литературознание |
| 490 ## - СЕРИИ (Колекции) | |
| Име на серия | Частна колекция - Академик Михаил Арнаудов |
| Бележки за серията | Дарение - Основен фонд |
| 501 ## - Забележка „подвързано към” | |
| Забележка: Подвързано към... | Липсват с. 224-247 |
| 655 ## - Ключова дума – жанр/разновидност | |
| Данни за жанр/разновидност или ключова дума за фокус | Литературознание |
| 700 ## - Други автори (авторска отговорност) | |
| Лично име | Юруков, Георги |
| Автороска отговорност (Описва отношението между автора и произведението) | прев. |
| 9 (RLIN) | 966 |
| 700 ## - Други автори (авторска отговорност) | |
| Лично име | Арнаудов, Михаил |
| Автороска отговорност (Описва отношението между автора и произведението) | ред. |
| 9 (RLIN) | 369345 |
| 852 ## - Местоположение | |
| Форматна сигнатура | МА 2407 |
| 852 ## - Местоположение | |
| Форматна сигнатура | Цб 8.225.1005 |
| Фондова буква | Основен фонд - ползва се само за читалня |
| 999 ## - СИСТЕМНИ КОНТРОЛНИ НОМЕРА | |
| Koha biblionumber | 341838 |
| Koha biblioitemnumber | 341838 |
| 942 ## - АРТИКУЛИ | |
| Вид на библиотечния материал | Книги |
| Скрит в OPAC | Не |
| Периодичен библиозапис | Да |
| 944 ## - СЪЗДАВАНЕ И РЕДАКЦИЯ на ЗАПИСА | |
| Създаване/Редакция | Създаване |
| Дата на регистрацията/редакция | 1997 |
| Служител, извършил регистрацията/редакцията | GGG |
| 944 ## - СЪЗДАВАНЕ И РЕДАКЦИЯ на ЗАПИСА | |
| Създаване/Редакция | Редакция |
| Дата на регистрацията/редакция | 2021-08-13 |
| Служител, извършил регистрацията/редакцията | ВП |
| 999 ## - СИСТЕМНИ КОНТРОЛНИ НОМЕРА | |
| Koha biblioitemnumber | 341838 |
| Код за отписване | Код за изгубен артикул | Източник на класификационната схема | Код за повреда | Коз за рестрикции | Код за отдаване | Артикулен № | Име на библиотеката - собственик | Име на библиотеката, в която се намира в момента | Статус (Текущо местоположение) | Местоположение - отдел | Цена в лева | Номерация (Хронология) | Инвентарен номер | Систематично азбучна сигнатура | Баркод | Номер на екземпляра | Цена в евро | Служебен тип на артикула | Дата на вписване в системата |
|---|---|---|---|---|---|---|---|---|---|---|---|---|---|---|---|---|---|---|---|
| Не е изгубен | Universal Decimal Classification | Не е повреден | без рестрикции | Специални фондове ( старопечатни, редки и ценни, фонд М. Арнаудов) | 741852 | Регионална библиотека "Любен Каравелов" Русе | Регионална библиотека "Любен Каравелов" Русе | Фонд "Михаил Арнаудов" | Фонд "Михаил Арнаудов" | 60.00 | 591798 | МА 2407 | 120000591798 | 1 | 30.68 | Книги | |||
| Не е изгубен | Universal Decimal Classification | Не е повреден | само за читалня | ползва се в читалня | 848864 | Регионална библиотека "Любен Каравелов" Русе | Регионална библиотека "Любен Каравелов" Русе | Хранилище | Основен фонд - ползва се само за читалня | 0.19 | 1005 | Цб 8.225.1005 | 900000074451 | 0.10 | Книги | 2021-08-16 | |||
| Не е изгубен | Universal Decimal Classification | Не е повреден | само за читалня | ползва се в читалня | 848865 | Регионална библиотека "Любен Каравелов" Русе | Регионална библиотека "Любен Каравелов" Русе | Хранилище | Основен фонд - ползва се само за читалня | 0.47 | 11898/58 | Цб 8.225.1005 | 900000074450 | 0.24 | Книги | 2021-08-16 | |||
| Не е изгубен | Universal Decimal Classification | Не е повреден | само за читалня | ползва се в читалня | 848866 | Регионална библиотека "Любен Каравелов" Русе | Регионална библиотека "Любен Каравелов" Русе | Хранилище | Основен фонд - ползва се само за читалня | 1.20 | 4698/58 | Цб 8.225.1005 | 900000074449 | 0.61 | Книги | 2021-08-16 | |||
| Не е изгубен | Universal Decimal Classification | Не е повреден | само за читалня | ползва се в читалня | 848867 | Регионална библиотека "Любен Каравелов" Русе | Регионална библиотека "Любен Каравелов" Русе | Хранилище | Основен фонд - ползва се само за читалня | 1.20 | 4699/58 | Цб 8.225.1005 | 900000074441 | 0.61 | Книги | 2021-08-16 |